Geografía de la república argentina . parte económica(rossi) /
Guardado en:
| Autor Principal: | |
|---|---|
| Formato: | Libro |
| Publicado: |
Buenos Aires :
Stella,
1981
|
| Edición: | 5a. ed. |
| Etiquetas: |
Agregar Etiqueta
Sin Etiquetas, Sea el primero en etiquetar este registro!
|
| LEADER | 00682nam a22001815a 4500 | ||
|---|---|---|---|
| 001 | CEM.cems008744 | ||
| 008 | 130507s1981##################000#0#####d | ||
| 005 | 20241216115032.0 | ||
| 245 | 1 | 0 | |a Geografía de la república argentina . parte económica(rossi) / |
| 250 | |a 5a. ed. | ||
| 260 | |a Buenos Aires : |b Stella, |c 1981 | ||
| 300 | |a 679 p.1 | ||
| 100 | 1 | |a Rossi, Floreal | |
| 082 | 0 | 4 | |a 330.982 |
| 859 | |a CEMS |b BIB. CEMS - 11 de abril |h 330.982 |i R735a5 |p 11876.83 |t Ej.4 | ||
| 859 | |a CEMS |b BIB. CEMS - 11 de abril |h 330.982 |i R735a5 |p 11805.83 |t Ej.5 | ||
| 859 | |a CEMS |b BIB. CEMS - 11 de abril |h 330.982 |i R735a5 |p 12180.83 |t Ej.7 | ||
| 859 | |a CEMS |b BIB. CEMS - 11 de abril |h 330.982 |i R735a5 |p 14293.86 |t Ej.8 | ||
